[Event "Bangkok op"]
[Site "Bangkok"]
[Date "2025.07.09"]
[Round "9"]
[White "Dayal, Samar"]
[Black "Siddharth, Sai"]
[Result "1-0"]
[WhiteElo "1926"]
[BlackElo "1831"]
[PlyCount "125"]
[EventDate "2025.07.04"]
[EventType "swiss"]
[EventRounds "9"]
[EventCountry "THA"]
[SourceTitle "CB29_2025"]
[SourceDate "2025.07.16"]
[SourceVersion "1"]
[SourceVersionDate "2025.07.16"]
[SourceQuality "1"]

1. e4 c5 2. Nf3 d6 3. d4 cxd4 4. Nxd4 Nf6 5. Nc3 g6 6. Be3 Bg7 7. f3 0-0 8. Bc4 Nc6 9. Qd2 Nxd4 10. Bxd4 Be6 11. Bb3 Qa5 12. 0-0-0 b5 13. Kb1 b4 14. Nd5 Bxd5 15. exd5 Qb5 16. Rhe1 a5 17. Qe2 Qxe2 18. Rxe2 a4 19. Bc4 Rfc8 20. Bb5 Ra5 21. Bxf6 Bxf6 22. Bc6 a3 23. b3 Rc7 24. Rd3 Bc3 25. Re4 Kg7 26. Kc1 Rc5 27. Kd1 Ra7 28. Rde3 Kf8 29. f4 Rc7 30. Rd3 Kg7 31. g3 Ra7 32. Re2 Rc7 33. g4 Ra7 34. h4 Rc7 35. Rh2 Ra5 36. h5 Kg8 37. hxg6 hxg6 38. f5 Be5 39. Rh6 Bg7 40. Rh1 Rc5 41. Re3 Bf6 42. Re4 Bc3 43. Rh2 Kg7 44. Rf2 Kg8 45. Kc1 Kg7 46. Kb1 Kg8 47. fxg6 fxg6 48. Re6 Bd4 49. Rf4 Be5 50. Rxb4 Kf7 51. c4 Bc3 52. Rb7 Rxb7 53. Bxb7 Be5 54. Kc2 Rc7 55. Ba6 Ra7 56. Bb5 Ra8 57. b4 Rh8 58. c5 Rh2+ 59. Kb3 Rh3+ 60. Ka4 Rc3 61. c6 Rg3 62. c7 Rc3 63. Bc6 1-0

[Event "Bangkok op"]
[Site "Bangkok"]
[Date "2025.07.07"]
[Round "6"]
[White "Habla, Jony"]
[Black "Dayal, Samar"]
[Result "1-0"]
[WhiteElo "2131"]
[BlackElo "1926"]
[PlyCount "119"]
[EventDate "2025.07.04"]
[EventType "swiss"]
[EventRounds "9"]
[EventCountry "THA"]
[SourceTitle "CB29_2025"]
[SourceDate "2025.07.16"]
[SourceVersion "1"]
[SourceVersionDate "2025.07.16"]
[SourceQuality "1"]

1. d4 Nf6 2. Nc3 d5 3. Bg5 g6 4. Bxf6 exf6 5. e3 Bg7 6. Nf3 0-0 7. h4 h5 8. Bd3 Bg4 9. Nb1 f5 10. Be2 Re8 11. Nbd2 c5 12. c3 cxd4 13. cxd4 Qb6 14. 0-0 Nc6 15. Nb3 Re7 16. g3 Rc8 17. Kg2 Rec7 18. Ng1 Bxe2 19. Nxe2 Ne7 20. Nc3 Rc4 21. Qf3 Qd8 22. Nc5 b6 23. Nd3 Qd7 24. Nf4 Rd8 25. Rac1 Rc7 26. a4 a6 27. Qe2 Ra8 28. Ra1 Bh6 29. Nd3 Nc6 30. Qf3 Rd8 31. Rfd1 Bf8 32. Rac1 Bb4 33. Nxd5 Qxd5 34. Qxd5 Rxd5 35. Nxb4 Rd6 36. d5 Nxb4 37. Rxc7 Kg7 38. Rc4 a5 39. Rcd4 Kf6 40. f3 Nc2 41. R4d3 Nb4 42. R3d2 Ke5 43. f4+ Kf6 44. Kf3 Na6 45. Rd4 Nb4 46. R1d2 Na6 47. Rc4 Nb4 48. e4 fxe4+ 49. Kxe4 Ke7 50. Rc7+ Kf6 51. Rd4 Kg7 52. Rxb4 axb4 53. Rc6 Rd7 54. d6 Kf6 55. Kd5 Rd8 56. Rxb6 Kf5 57. Rxb4 Kg4 58. Rb3 Kf5 59. Re3 f6 60. b4 1-0

[Event "Bangkok rapid op"]
[Site "Bangkok"]
[Date "2025.07.06"]
[Round "4"]
[White "Habla, Jony"]
[Black "Dayal, Samar"]
[Result "1-0"]
[WhiteElo "2196"]
[BlackElo "1968"]
[PlyCount "107"]
[EventDate "2025.07.06"]
[EventType "swiss"]
[EventRounds "7"]
[EventCountry "THA"]
[SourceTitle "CB28_2025"]
[SourceDate "2025.07.09"]
[SourceVersion "1"]
[SourceVersionDate "2025.07.09"]
[SourceQuality "1"]

1. Nc3 c5 2. d3 g6 3. h4 h5 4. g3 Bg7 5. Bg2 Nc6 6. Nh3 Nf6 7. e4 d6 8. 0-0 0-0 9. Ng5 Rb8 10. Nd5 b5 11. c3 b4 12. Qc2 Bb7 13. Bd2 e5 14. Nxf6+ Bxf6 15. Be3 a5 16. Rad1 Rc8 17. f3 d5 18. exd5 Nd4 19. Qf2 Nf5 20. c4 Qe7 21. Ne4 Nxe3 22. Qxe3 Bg7 23. Bh3 f5 24. Ng5 Bh6 25. f4 Rce8 26. Rde1 Bg7 27. Kh2 Qd6 28. Ne6 Rxe6 29. dxe6 e4 30. dxe4 Bxe4 31. Bg2 Bd4 32. Qe2 Qxe6 33. Bxe4 fxe4 34. Qxe4 Qf6 35. b3 Bc3 36. Qd5+ Kg7 37. Re6 Qf7 38. Qe4 Bd4 39. Re7 Kg8 40. Rxf7 Kxf7 41. Re1 Kg7 42. Qb7+ Rf7 43. Re7 Rxe7 44. Qxe7+ Kh6 45. Qa7 a4 46. bxa4 b3 47. axb3 g5 48. fxg5+ Kg6 49. Qd7 Bg1+ 50. Kg2 Bf2 51. Qe6+ Kg7 52. Qf6+ Kg8 53. g6 Bd4 54. Qf7+ 1-0

[Event "Bangkok op"]
[Site "Bangkok"]
[Date "2025.07.05"]
[Round "3"]
[White "Mangao, Danmaersk"]
[Black "Dayal, Samar"]
[Result "1/2-1/2"]
[WhiteElo "2138"]
[BlackElo "1926"]
[PlyCount "99"]
[EventDate "2025.07.04"]
[EventType "swiss"]
[EventRounds "9"]
[EventCountry "THA"]
[SourceTitle "CB29_2025"]
[SourceDate "2025.07.16"]
[SourceVersion "1"]
[SourceVersionDate "2025.07.16"]
[SourceQuality "1"]

1. d4 Nf6 2. c4 e6 3. Nf3 b6 4. g3 Ba6 5. Qc2 Bb7 6. Bg2 Bb4+ 7. Bd2 Qe7 8. 0-0 Bxd2 9. Nbxd2 d6 10. e4 e5 11. d5 a5 12. b3 Na6 13. a3 0-0 14. Ne1 Nd7 15. Nd3 Ndc5 16. Nxc5 bxc5 17. Bh3 h5 18. Nb1 h4 19. Nc3 g6 20. f4 hxg3 21. hxg3 exf4 22. gxf4 Kg7 23. Rf3 Rh8 24. Re1 Rh5 25. Nd1 Bc8 26. Qc3+ Kg8 27. Bxc8 Rxc8 28. Qxa5 Nb8 29. Qc3 Nd7 30. Rh3 Nf6 31. e5 dxe5 32. Rxe5 Qd7 33. Nf2 Rf5 34. Ng4 Rxf4 35. Nxf6+ Rxf6 36. Qg3 Rf4 37. Qxf4 Qxh3 38. Re3 Qh5 39. Rf3 Qh7 40. Qe3 Qh4 41. Rh3 Qf6 42. a4 Qa1+ 43. Kg2 Qb2+ 44. Qf2 Qe5 45. Re3 Qd4 46. Rg3 Qe4+ 47. Qf3 Qc2+ 48. Qf2 Qe4+ 49. Qf3 Qc2+ 50. Qf2 1/2-1/2

[Event "Wch U10"]
[Site "Montesilvano"]
[Date "2024.11.18"]
[Round "4"]
[White "Otetileu, Amanbek"]
[Black "Dayal, Samar"]
[Result "1/2-1/2"]
[WhiteElo "1632"]
[BlackElo "1818"]
[PlyCount "115"]
[EventDate "2024.11.15"]
[EventType "swiss"]
[EventRounds "11"]
[EventCountry "ITA"]
[SourceTitle "CB48_2024"]
[SourceDate "2024.11.28"]
[SourceVersion "1"]
[SourceVersionDate "2024.11.28"]
[SourceQuality "1"]

1. e4 c5 2. Nf3 d6 3. d4 cxd4 4. Nxd4 Nf6 5. Nc3 g6 6. Be3 Nc6 7. f3 h5 8. Bc4 Bd7 9. Qd2 Nxd4 10. Bxd4 Bh6 11. Qd3 0-0 12. Bxf6 exf6 13. Qxd6 Be6 14. Qxd8 Raxd8 15. Bd5 f5 16. 0-0 Bd2 17. Rfd1 Bxc3 18. bxc3 Bxd5 19. Rxd5 fxe4 20. fxe4 Rc8 21. Rd3 Rc4 22. Re3 Rd8 23. a4 Rd2 24. Ra2 a5 25. h4 Kg7 26. Kh2 b6 27. Kg3 Rc6 28. Rb2 Kf6 29. Rd3 Re2 30. Kf3 Re1 31. Rb3 Ke7 32. Rd4 Rf6+ 33. Kg3 Re2 34. c4 Rff2 35. Rxb6 Rxg2+ 36. Kf4 Rgf2+ 37. Kg5 Rxc2 38. Rb7+ Ke6 39. Rdd7 Rg2+ 40. Kh6 f6 41. Rd5 Rxc4 42. Rb6+ Ke7 43. Rxa5 Rc7 44. e5 fxe5 45. Rxg6 Rxg6+ 46. Kxg6 Ke6 47. Kxh5 Rg7 48. Kh6 Rg1 49. Ra6+ Kf5 50. a5 e4 51. h5 e3 52. Ra8 e2 53. Rf8+ Ke4 54. Re8+ Kd3 55. a6 Rg8 56. Rxe2 Kxe2 57. Kh7 Ra8 58. h6 1/2-1/2

[Event "EU-ch U10"]
[Site "Prague"]
[Date "2024.08.28"]
[Round "6"]
[White "Nikitakis, Michail"]
[Black "Dayal, Samar"]
[Result "0-1"]
[WhiteElo "1845"]
[BlackElo "1721"]
[PlyCount "104"]
[EventDate "2024.08.22"]
[EventType "swiss"]
[EventRounds "9"]
[EventCountry "CZE"]
[SourceTitle "CBM 221 Extra"]
[Source "ChessBase"]
[SourceDate "2024.09.30"]
[SourceVersion "1"]
[SourceVersionDate "2024.09.30"]
[SourceQuality "1"]

1. e4 c5 2. Nf3 d6 3. d4 cxd4 4. Nxd4 Nf6 5. Nc3 g6 6. f3 Nc6 7. Be3 h5 8. Qd2 Nxd4 9. Bxd4 Bh6 10. Qf2 Qa5 11. Bxf6 exf6 12. Bb5+ Kf8 13. Qd4 Bf4 14. b4 Qa3 15. Rd1 Be5 16. Nb1 Bxd4 17. Nxa3 Bc3+ 18. Ke2 a6 19. Bc4 Bxb4 20. Nb1 Be6 21. Bxe6 fxe6 22. c3 Bc5 23. Nd2 Ke7 24. Rb1 b5 25. Kd3 Rab8 26. Rb2 Kd7 27. Rhb1 Kc7 28. f4 d5 29. exd5 exd5 30. Nb3 Bb6 31. Re2 Rhe8 32. Rbe1 Rxe2 33. Rxe2 Kd6 34. h3 Rh8 35. g3 a5 36. Nd2 a4 37. Nf3 Rc8 38. Nh4 Ba5 39. Rc2 g5 40. Nf5+ Kd7 41. Nd4 gxf4 42. gxf4 Rc4 43. f5 Kd6 44. Nxb5+ Ke5 45. Nd4 Bxc3 46. Re2+ Kf4 47. Rf2+ Kg3 48. Rf3+ Kg2 49. Rf4 Rxd4+ 50. Rxd4 Bxd4 51. Kxd4 Kxh3 52. Kxd5 Kg4 0-1

[Event "EU-ch U10"]
[Site "Prague"]
[Date "2024.08.23"]
[Round "2"]
[White "Steinbrenner, Peter"]
[Black "Dayal, Samar"]
[Result "1/2-1/2"]
[WhiteElo "1951"]
[BlackElo "1721"]
[PlyCount "105"]
[EventDate "2024.08.22"]
[EventType "swiss"]
[EventRounds "9"]
[EventCountry "CZE"]
[SourceTitle "CBM 221 Extra"]
[Source "ChessBase"]
[SourceDate "2024.09.30"]
[SourceVersion "1"]
[SourceVersionDate "2024.09.30"]
[SourceQuality "1"]

1. d4 Nf6 2. Nc3 d5 3. Bf4 g6 4. e3 Nh5 5. Be5 f6 6. Bg3 c6 7. Nf3 Be6 8. Bd3 Nd7 9. Ne2 Bf7 10. c3 Nxg3 11. Nxg3 e5 12. dxe5 Nxe5 13. Bc2 Bd6 14. 0-0 Qc7 15. Nd4 0-0-0 16. b4 h5 17. a4 h4 18. Nge2 Nc4 19. h3 f5 20. Rb1 Qe7 21. Nf4 Nxe3 22. fxe3 Qxe3+ 23. Kh1 Bxf4 24. Rf3 Qe5 25. Qf1 g5 26. Bxf5+ Kb8 27. b5 cxb5 28. Qxb5 Qc7 29. Nc6+ Ka8 30. Nxd8 Rxd8 31. a5 Be8 32. Qd3 Qxa5 33. Rff1 Bb8 34. Rfe1 Qc7 35. g3 hxg3 36. Kg2 Bc6 37. Qd4 a6 38. Qb6 d4+ 39. Be4 Qf4 40. Qxa6+ Ba7 41. Qxb7+ Bxb7 42. Bxb7+ Kb8 43. Bf3+ Kc7 44. Rb7+ Kd6 45. Rxa7 Qd2+ 46. Re2 Qd3 47. cxd4 Qxd4 48. Ra6+ Kd7 49. Raa2 Qf4 50. Ra7+ Kd6 51. Ra6+ Kc5 52. Rc6+ Kd4 53. Re4+ 1/2-1/2